Statistics for Wordle Continents

Click here to take the quiz!

General Stats

  • This quiz has been taken 79 times
  • The average score is 105 of 196

Answer Stats

HintCountry% Correct
usUnited States
82%
gbUnited Kingdom
81%
uyUruguay
81%
caCanada
77%
auAustralia
74%
brBrazil
70%
deGermany
68%
ugUganda
68%
frFrance
67%
mxMexico
67%
inIndia
63%
itItaly
63%
naNamibia
63%
cnChina
61%
dkDenmark
61%
gtGuatemala
61%
htHaiti
61%
ruRussia
61%
aeUnited Arab Emirates
61%
uzUzbekistan
61%
alAlbania
60%
clChile
60%
ecEcuador
60%
ghGhana
60%
jpJapan
60%
nzNew Zealand
60%
pyParaguay
60%
uaUkraine
60%
dzAlgeria
58%
arArgentina
58%
cuCuba
58%
egEgypt
58%
svEl Salvador
58%
etEthiopia
58%
fjFiji
58%
geGeorgia
58%
gyGuyana
58%
isIceland
58%
idIndonesia
58%
niNicaragua
58%
paPanama
58%
pePeru
58%
esSpain
58%
srSuriname
58%
tvTuvalu
58%
aoAngola
56%
coColombia
56%
erEritrea
56%
eeEstonia
56%
gaGabon
56%
iqIraq
56%
ieIreland
56%
nrNauru
56%
omOman
56%
plPoland
56%
qaQatar
56%
roRomania
56%
rwRwanda
56%
zaSouth Africa
56%
sdSudan
56%
vuVanuatu
56%
veVenezuela
56%
zmZambia
56%
adAndorra
54%
amArmenia
54%
byBelarus
54%
beBelgium
54%
bzBelize
54%
boBolivia
54%
doDominican Republic
54%
grGreece
54%
gdGrenada
54%
hnHonduras
54%
huHungary
54%
irIran
54%
keKenya
54%
npNepal
54%
ptPortugal
54%
yeYemen
54%
afAfghanistan
53%
btBhutan
53%
biBurundi
53%
cdDemocratic Republic
of the Congo
53%
tlEast Timor
53%
szEswatini
53%
gmGambia
53%
ilIsrael
53%
ciIvory Coast
53%
jmJamaica
53%
joJordan
53%
kzKazakhstan
53%
kiKiribati
53%
mnMongolia
53%
maMorocco
53%
nlNetherlands
53%
neNiger
53%
kpNorth Korea
53%
noNorway
53%
cgRepublic of the Congo
53%
chSwitzerland
53%
thThailand
53%
trTurkey
53%
vnVietnam
53%
zwZimbabwe
53%
agAntigua and Barbuda
51%
atAustria
51%
bsBahamas
51%
baBosnia and
Herzegovina
51%
bwBotswana
51%
cmCameroon
51%
cfCentral African Republic
51%
crCosta Rica
51%
hrCroatia
51%
czCzech Republic
51%
djDjibouti
51%
fiFinland
51%
laLaos
51%
lvLatvia
51%
mlMali
51%
mrMauritania
51%
mdMoldova
51%
mcMonaco
51%
ngNigeria
51%
mkNorth Macedonia
51%
knSaint Kitts and Nevis
51%
wsSamoa
51%
skSlovakia
51%
siSlovenia
51%
sbSolomon Islands
51%
krSouth Korea
51%
seSweden
51%
tgTogo
51%
bdBangladesh
49%
bbBarbados
49%
bjBenin
49%
bnBrunei
49%
bgBulgaria
49%
bfBurkina Faso
49%
khCambodia
49%
tdChad
49%
cyCyprus
49%
gqEquatorial Guinea
49%
fmFederated States of
Micronesia
49%
xkKosovo
49%
lbLebanon
49%
lsLesotho
49%
lyLibya
49%
luLuxembourg
49%
mwMalawi
49%
mtMalta
49%
mhMarshall Islands
49%
pkPakistan
49%
pwPalau
49%
pgPapua New Guinea
49%
phPhilippines
49%
lcSaint Lucia
49%
smSan Marino
49%
stSão Tomé and Príncipe
49%
saSaudi Arabia
49%
snSenegal
49%
rsSerbia
49%
soSomalia
49%
ssSouth Sudan
49%
sySyria
49%
tzTanzania
49%
toTonga
49%
tnTunisia
49%
tmTurkmenistan
49%
azAzerbaijan
47%
bhBahrain
47%
cvCape Verde
47%
kmComoros
47%
dmDominica
47%
gnGuinea
47%
gwGuinea-Bissau
47%
kwKuwait
47%
kgKyrgyzstan
47%
lrLiberia
47%
liLiechtenstein
47%
ltLithuania
47%
mgMadagascar
47%
myMalaysia
47%
mvMaldives
47%
muMauritius
47%
meMontenegro
47%
mzMozambique
47%
mmMyanmar
47%
vcSaint Vincent and the
Grenadines
47%
scSeychelles
47%
slSierra Leone
47%
sgSingapore
47%
lkSri Lanka
47%
twTaiwan
47%
tjTajikistan
47%
ttTrinidad and Tobago
47%
vaVatican City
47%

Score Distribution

Percentile by Number Answered

Percent of People with Each Score

Your Score History

You have not taken this quiz